000
00321nam a22001337a 4500
008
181006b xxu||||| |||| 00| 0 eng d
020
_a
0060434147
041
_a
eng
080
_a
159.9
100
_a
49
101
_a
PSI
245
_a
An Introduction to Experimental Design in Psychology
_c
Solso, R.L
942
_2
udc
_c
BK
999
_c
48977
_d
48977